NLSUI OPAC header image

The shame of it : (Record no. 112147)

MARC details
000 -LEADER
fixed length control field 01649nam a22002417a 4500
003 - CONTROL NUMBER IDENTIFIER
control field OSt
005 - DATE AND TIME OF LATEST TRANSACTION
control field 20260211054444.0
008 - FIXED-LENGTH DATA ELEMENTS--GENERAL INFORMATION
fixed length control field 181120b2014 ||||| |||| 00| 0 eng
020 ## - INTERNATIONAL STANDARD BOOK NUMBER
International Standard Book Number 9781447308706
040 ## - CATALOGING SOURCE
Transcribing agency nls
082 ## - DEWEY DECIMAL CLASSIFICATION NUMBER
Classification number 339.46 GUB
100 ## - MAIN ENTRY--PERSONAL NAME
Personal name Gubrium, Erika K.
245 ## - TITLE STATEMENT
Title The shame of it :
Statement of responsibility, etc. global perspectives on anti-poverty policies /
Remainder of title edited by Erika K. Gubrium, Sony Pellissery and Ivar Lødemel
260 ## - PUBLICATION, DISTRIBUTION, ETC.
Place of publication, distribution, etc. London :
Name of publisher, distributor, etc. Polity Press,
Date of publication, distribution, etc. 2014.
300 ## - PHYSICAL DESCRIPTION
Extent 248 p. ;
Dimensions 23 cm.
505 ## - FORMATTED CONTENTS NOTE
Formatted contents note Resetting the stage ~ Erika K. Gubrium; New urban poverty and new welfare provision: China’s Dibao system ~ Ming Yan; Thick poverty, thicker society and thin state: Policy spaces for human dignity in India ~ Sony Pellissery & Leemamol Mathew; Self-sufficiency, social assistance and the shaming of poverty in South Korea ~ Yongmie Nicola Jo & Robert Walker; ‘Not good enough’: Social assistance and shaming in Norway ~ Erika K. Gubrium & Ivar Lødemel; Pakistan: A journey of poverty-induced shame ~ Sohail Choudhry; Separating the sheep from the goats: Tackling poverty in Britain for over four centuries ~ Robert Walker & Elaine Chase; ‘Food That Cannot Be Eaten’: The shame of Uganda’s anti-poverty policies ~ Grace Bantebya Kyomuhendo & Amon Mwiine; Shame and shaming in policy processes ~ Sony Pellissery, Ivar Lødemel & Erika K. Gubrium; Towards global principles for dignity-based anti-poverty policies ~ Erika K. Gubrium & Ivar Lødemel.
650 ## - SUBJECT ADDED ENTRY--TOPICAL TERM
Topical term or geographic name entry element Poverty
650 ## - SUBJECT ADDED ENTRY--TOPICAL TERM
Topical term or geographic name entry element Anti-poverty policies
700 ## - ADDED ENTRY--PERSONAL NAME
Personal name Gubrium, Erika K.
700 ## - ADDED ENTRY--PERSONAL NAME
Personal name Pellissery, Sony
700 ## - ADDED ENTRY--PERSONAL NAME
Personal name Lødemel, Ivar
942 ## - ADDED ENTRY ELEMENTS (KOHA)
Source of classification or shelving scheme Dewey Decimal Classification
Koha item type BOOKs
Holdings
Withdrawn status Lost status Damaged status Not for loan Home library Current library Shelving location Date acquired Total Checkouts Full call number Barcode Date last seen Price effective from Koha item type Source of classification or shelving scheme Materials specified (bound volume or other part) Source of acquisition Public note
        . .   30.05.2017   339.46 GUB 30909 14.06.2024 30.05.2017 BOOKs        
        . . General Stacks 19.12.2017   339.46 GUB - 2 35641 19.12.2020 19.12.2020 BOOKs Dewey Decimal Classification HB Gratis Donated By Prof Sony Pellissery